| 000 | 00957nam a2200265 4500 | ||
|---|---|---|---|
| 999 |
_c26964 _d26964 |
||
| 005 | 20190226104353.0 | ||
| 008 | 060703r20011991miu b 001 0deng | ||
| 020 | _a0802848818 | ||
| 100 | 1 |
_aFox, Michael V., _d1940- |
|
| 245 | 1 | 0 |
_aCharacter and ideology in the book of Esther / _cMichael V. Fox. |
| 250 | _a2nd ed. | ||
| 260 |
_aGrand Rapids, Mich. : _bW.B. Eerdmans, _cc2001. |
||
| 300 |
_ax, 333 p. ; _c23 cm. |
||
| 336 | _atext | ||
| 337 | _aunmediated | ||
| 338 | _avolume | ||
| 500 | _a"With a new postscript on a decade of Esther scholarship." | ||
| 500 | _aOriginally published: Columbia, S.C. : University of South Carolina Press, c1991, in series: Studies on personalities of the Old Testament. | ||
| 504 | _aIncludes bibliographical references (p. 304-318) and index. | ||
| 630 | 0 | 4 |
_aBible. _pO.T. _pEsther _xBiography. |
| 630 | 0 | 4 |
_aBible. _pO.T. _pEsther _xCommentaries. |
| 951 | _x00033111 | ||
| 942 |
_2lcc _cBK |
||